| 000 | 00385nam a2200169Ia 4500 | ||
|---|---|---|---|
| 100 | _aMohanty/R.P/ Deshmukh/S.G | ||
| 650 | _aSupply Chain | ||
| 942 | _cBK | ||
| 366 | _f23 | ||
| 654 | _asupply chain | ||
| 245 | _aSupply chain Management:Theories and practices | ||
| 260 |
_bWiley _c2005 |
||
| 082 |
_a658.7 _bMOH |
||
| 300 | _a355 | ||
| 546 |
_aENGLISH _cInfo.Tech |
||
| 999 |
_c30345 _d30345 |
||